Name the right choice (football) - Statistics

General Stats
  • This quiz has been taken 9 times
  • The average score is 6 of 10
Answer Stats
Question Answer % Correct
Who played with both Messi and Ronaldo? Angel Di Maria
89%
Witch club was 2 times in an UCL final yet have never won it? Arsenal
78%
What country has the most international trophys? Brazil
67%
Witch one wasn't managed by Jose Mourinho? Marco Reus
67%
Witch player scored the deciding penalty in WC final 2022? Gonzalo Montiel
56%
Witch one hasn't scored in an UCL final? Zlatan Ibrahimovic
56%
Witch one played for Real Madrid? Fabinhio
44%
Witch one didin’t play in a World Cup? Karim Benzema
44%
Who's got the most goals out of these 4? Alisson Becker
33%
Witch one can play with both feet? Neymar
33%
No matching quizzes found
Score Distribution
Percent of People with Each Score
Percentile by Number Answered
Your Score History
You have not taken this quiz